Database system concepts (Record no. 489)

000 -LEADER
fixed length control field 00571nam a22002297a 4500
001 - CONTROL NUMBER
control field 489
003 - CONTROL NUMBER IDENTIFIER
control field BD-DhUET
008 - FIXED-LENGTH DATA ELEMENTS--GENERAL INFORMATION
fixed length control field 140722b xxu||||| |||| 00| 0 eng d
020 ## - INTERNATIONAL STANDARD BOOK NUMBER
International Standard Book Number 007124476X
040 ## - CATALOGING SOURCE
Transcribing agency 0
Modifying agency BD-DhUET
082 ## - DEWEY DECIMAL CLASSIFICATION NUMBER
Classification number 005.74
Item number SIL/2006
100 ## - MAIN ENTRY--PERSONAL NAME
Personal name Silberschatz, Abraham
245 ## - TITLE STATEMENT
Title Database system concepts
250 ## - EDITION STATEMENT
Edition statement 5th ed.
260 ## - PUBLICATION, DISTRIBUTION, ETC. (IMPRINT)
Place of publication, distribution, etc. Boston
Name of publisher, distributor, etc. McGraw-Hill
Date of publication, distribution, etc. 2006
300 ## - PHYSICAL DESCRIPTION
Extent xxvi,1142p.
Other physical details ill.
504 ## - BIBLIOGRAPHY, ETC. NOTE
Bibliography, etc Includes bibliographies
650 #0 - SUBJECT ADDED ENTRY--TOPICAL TERM
Topical term or geographic name as entry element Database management
700 ## - ADDED ENTRY--PERSONAL NAME
Personal name Korth, Henry F.
700 ## - ADDED ENTRY--PERSONAL NAME
Personal name Sudarshan, S.
942 ## - ADDED ENTRY ELEMENTS (KOHA)
Koha item type General Book
Holdings
Not for loan Koha renewals Withdrawn status Lost status Koha date last borrowed Damaged status Koha full call number Koha normalized classification for sorting Koha issues (times borrowed) Koha item type Copy number Source of classification or shelving scheme Location (home branch) Piece designation (barcode) Date acquired Shelving location Price effective from Koha date last seen Sublocation or collection (holding branch)
      007.74/SIL/2006007_000000000000000_74SIL2006 General Book1 Central Library, BUET1033202014-07-22Circulation section2014-07-222014-07-22Central Library, BUET
 2    007.74/SIL/2006007_000000000000000_74SIL2006 General Book2 Central Library, BUET1033212014-07-22Circulation section2014-07-222016-12-24Central Library, BUET
      005.74 SIL/2006005_740000000000000_SIL2006 General Book3 Central Library, BUET1033222014-08-25Circulation section2014-08-252014-08-25Central Library, BUET
    2021-12-04 005.74/SIL/2006005_000000000000000_74SIL20061General Book4 Central Library, BUET1033232014-08-25Circulation section2014-08-252021-12-18Central Library, BUET
      005.74/SIL/2006005_000000000000000_74SIL2006 General Book5 Central Library, BUET1033242014-08-25Circulation section2014-08-252014-08-25Central Library, BUET
      005.74/SIL/2006005_740000000000000_SIL_2006 General Book6 Central Library, BUET1033252014-08-25Circulation section2014-08-252014-08-25Central Library, BUET
    2017-07-01 005.74/SIL/2006005_740000000000000_SIL_20061General Book7 Central Library, BUET1033262014-08-25Circulation section2014-08-252017-07-16Central Library, BUET
      005.74/SIL/2006005_000000000000000_74SIL2006 General Book8 Central Library, BUET1033272014-08-25Circulation section2014-08-252014-08-25Central Library, BUET
      005.74/SIL/2006005_000000000000000_74SIL2006 General Book9 Central Library, BUET1033282014-08-25Circulation section2014-08-252014-08-25Central Library, BUET
      005.74/SIL/2006005_000000000000000_74SIL2006 General Book10 Central Library, BUET1033292014-08-25Circulation section2014-08-252014-08-25Central Library, BUET
      005.74/SIL/2006005_740000000000000_SIL_2006 Reading Item11 Central Library, BUET1021722015-06-09Reading section2015-06-092015-06-09Central Library, BUET
      005.74/SIL/2006005_740000000000000_SIL_2006 Reading Item12 Central Library, BUET1025542015-06-09Reading section2015-06-092015-06-09Central Library, BUET